[Event "SN-2015-0-00686"]
[Site "LSS email"]
[Date "2015.07.04"]
[Round "?"]
[White "Ortiz, Juan Guillermo"]
[Black "Roukas, Charilaos"]
[Result "1-0"]
[WhiteElo "439"]
[BlackElo "1033"]
[PlyCount "53"]
[EventDate "2015.05.29"]
[EventType "tourn (corr)"]
[EventRounds "6"]
[EventCountry "GER"]
[SourceTitle "Corr 2022"]
[Source "ChessBase"]
[SourceDate "2021.10.24"]
[SourceVersion "1"]
[SourceVersionDate "2021.10.24"]
[SourceQuality "1"]

1. e4 Nc6 2. d4 d6 3. d5 Ne5 4. Nf3 Bg4 5. Be2 Nf6 6. Nc3 Nxf3+ 7. Bxf3 Bxf3 8. Qxf3 g6 9. 0-0 Bg7 10. h3 0-0 11. Bg5 Qd7 12. a4 a6 13. Ne2 c6 14. c4 cxd5 15. cxd5 Rac8 16. b3 Ne8 17. Rad1 e6 18. dxe6 Qxe6 19. Nf4 Qd7 20. Nd5 Qe6 21. Ne7+ Kh8 22. Nxc8 Qxc8 23. Be7 Rg8 24. Qxf7 Qd7 25. f4 Bf6 26. Bxf6+ Nxf6 27. Qxf6+ 1-0

[Event "SN-2015-0-00686"]
[Site "LSS email"]
[Date "2015.07.04"]
[Round "?"]
[White "Vontina, Maria"]
[Black "Roukas, Charilaos"]
[Result "0-1"]
[WhiteElo "734"]
[BlackElo "1033"]
[PlyCount "40"]
[EventDate "2015.05.29"]
[EventType "tourn (corr)"]
[EventRounds "6"]
[EventCountry "GER"]
[SourceTitle "Corr 2022"]
[Source "ChessBase"]
[SourceDate "2021.10.24"]
[SourceVersion "1"]
[SourceVersionDate "2021.10.24"]
[SourceQuality "1"]

1. e4 Nc6 2. d4 d6 3. Nf3 g6 4. Bb5 Bd7 5. 0-0 Nf6 6. Bg5 Nxe4 7. Be3 a6 8. Ba4 b5 9. Bb3 Na5 10. c3 Bg7 11. Bc2 Nf6 12. Nbd2 0-0 13. Ne4 Nc4 14. Bc1 e5 15. dxe5 dxe5 16. b3 Nb6 17. Nxe5 Nxe4 18. Nxd7 Nxc3 19. Qd3 Qxd7 20. Qxd7 Nxd7 0-1

[Event "SN-2015-0-00686"]
[Site "LSS email"]
[Date "2015.07.03"]
[Round "?"]
[White "Roukas, Charilaos"]
[Black "Lenz, Juergen"]
[Result "0-1"]
[WhiteElo "1033"]
[BlackElo "1129"]
[PlyCount "58"]
[EventDate "2015.05.29"]
[EventType "tourn (corr)"]
[EventRounds "6"]
[EventCountry "GER"]
[SourceTitle "Corr 2022"]
[Source "ChessBase"]
[SourceDate "2021.10.24"]
[SourceVersion "1"]
[SourceVersionDate "2021.10.24"]
[SourceQuality "1"]

1. e4 Nf6 2. e5 Nd5 3. c4 Nb6 4. Qb3 e6 5. Nc3 Na6 6. d4 d6 7. exd6 cxd6 8. Bf4 Be7 9. 0-0-0 0-0 10. Nf3 Bd7 11. a3 Rc8 12. Nd2 Be8 13. Kb1 Bf6 14. Nf3 g5 15. Be3 g4 16. Nd2 Bg7 17. c5 dxc5 18. dxc5 Nd5 19. Bxa6 bxa6 20. Nxd5 exd5 21. Ne4 Bc6 22. Bd4 f5 23. Bxg7 Kxg7 24. Nd6 Rb8 25. h3 Rxb3 26. Rde1 Qf6 27. Re2 Rfb8 28. hxg4 Rxb2+ 29. Kc1 Rxe2 0-1

[Event "RN-2015-0-00999"]
[Site "LSS email"]
[Date "2015.07.02"]
[Round "?"]
[White "Roukas, Charilaos"]
[Black "Feng, Jason"]
[Result "1-0"]
[WhiteElo "1037"]
[BlackElo "968"]
[PlyCount "31"]
[EventDate "2015.06.24"]
[EventType "tourn (corr)"]
[EventRounds "6"]
[EventCountry "GER"]
[SourceTitle "Corr 2022"]
[Source "ChessBase"]
[SourceDate "2021.10.24"]
[SourceVersion "1"]
[SourceVersionDate "2021.10.24"]
[SourceQuality "1"]

1. e4 e5 2. Nf3 Nc6 3. Bb5 f5 4. exf5 e4 5. Ng1 Nf6 6. Bxc6 dxc6 7. g4 Bc5 8. Nc3 Qd4 9. Nh3 Nd5 10. 0-0 h5 11. Nxe4 hxg4 12. Qxg4 Nb4 13. Qg6+ Ke7 14. Nxc5 Rxh3 15. Ne6 Nxc2 16. Nxd4 1-0

[Event "SN-2015-0-00686"]
[Site "LSS email"]
[Date "2015.07.02"]
[Round "?"]
[White "Strnad, Pavel"]
[Black "Roukas, Charilaos"]
[Result "1-0"]
[WhiteElo "891"]
[BlackElo "1033"]
[PlyCount "37"]
[EventDate "2015.05.29"]
[EventType "tourn (corr)"]
[EventRounds "6"]
[EventCountry "GER"]
[SourceTitle "Corr 2022"]
[Source "ChessBase"]
[SourceDate "2021.10.24"]
[SourceVersion "1"]
[SourceVersionDate "2021.10.24"]
[SourceQuality "1"]

1. e4 e5 2. Nf3 d6 3. h3 Nf6 4. Nc3 a6 5. a3 Nc6 6. d4 exd4 7. Nxd4 Ne5 8. Bg5 Be7 9. Bd3 Nxd3+ 10. Qxd3 0-0 11. Bxf6 Bxf6 12. 0-0 c5 13. Nf3 b5 14. Rab1 Bb7 15. Rfe1 Re8 16. Nd5 Bxd5 17. Qxd5 Qc7 18. c3 Rab8 19. Qd2 1-0

[Event "ZN-2015-0-03035"]
[Site "LSS email"]
[Date "2015.03.26"]
[Round "?"]
[White "Roukas, Charilaos"]
[Black "Lenz, Juergen"]
[Result "0-1"]
[WhiteElo "954"]
[BlackElo "1133"]
[PlyCount "106"]
[EventDate "2015.03.23"]
[EventType "match (corr)"]
[EventRounds "2"]
[EventCountry "GER"]
[SourceTitle "Corr 2022"]
[Source "ChessBase"]
[SourceDate "2021.10.24"]
[SourceVersion "1"]
[SourceVersionDate "2021.10.24"]
[SourceQuality "1"]

1. e4 e6 2. d4 d5 3. exd5 exd5 4. Nf3 Bd6 5. Be2 Ne7 6. h3 0-0 7. 0-0 Bf5 8. c4 dxc4 9. Bxc4 Nbc6 10. Nc3 Ng6 11. Kh1 Bf4 12. Bxf4 Nxf4 13. Qd2 g5 14. d5 Na5 15. b3 c6 16. d6 Nxc4 17. bxc4 Bd3 18. Rfd1 Bxc4 19. Ne4 Bd5 20. Nexg5 Qf6 21. Qd4 Qxd4 22. Rxd4 Ne6 23. Rg4 Nxg5 24. Nxg5 Kh8 25. Rh4 Kg7 26. Rg4 Kh6 27. Ne4 f5 28. Rh4+ Kg6 29. Nc3 Rad8 30. Nxd5 cxd5 31. Rb1 Rf7 32. Rhb4 b6 33. Rd1 Rxd6 34. Rbd4 Rfd7 35. f4 h5 36. h4 Rd8 37. Kg1 Kf6 38. Kf2 Ke6 39. Re1+ Kf6 40. g3 Rc6 41. a4 Rc4 42. Red1 Rxd4 43. Rxd4 Ke6 44. Ke3 Rg8 45. Kf3 Rc8 46. Rd3 Rc4 47. Ra3 d4 48. a5 Rc3+ 49. Rxc3 dxc3 50. axb6 axb6 51. Ke3 b5 52. Kd3 b4 53. Kc4 c2 0-1

[Event "OP-2015-0-03677"]
[Site "LSS email"]
[Date "2015.03.23"]
[Round "?"]
[White "Roukas, Charilaos"]
[Black "Jablonski, Czeslaw"]
[Result "0-1"]
[WhiteElo "976"]
[BlackElo "1967"]
[PlyCount "40"]
[EventDate "2015.03.16"]
[EventType "tourn (corr)"]
[EventRounds "4"]
[EventCountry "GER"]
[SourceTitle "Corr 2022"]
[Source "ChessBase"]
[SourceDate "2021.10.24"]
[SourceVersion "1"]
[SourceVersionDate "2021.10.24"]
[SourceQuality "1"]

1. e4 e5 2. Nf3 Nc6 3. Bb5 a6 4. Bxc6 dxc6 5. 0-0 Bg4 6. d3 Bd6 7. Nbd2 Ne7 8. h3 Bh5 9. Qe1 f6 10. d4 exd4 11. Nxd4 Bf7 12. N2f3 0-0 13. c3 Bc4 14. Ne2 Bd3 15. Nd2 Re8 16. f4 Bc5+ 17. Kh1 Nf5 18. Nd4 Bxd4 19. cxd4 Bxf1 20. Qxf1 Ng3+ 0-1

[Event "RN-2015-0-00946"]
[Site "LSS email"]
[Date "2015.03.23"]
[Round "?"]
[White "Roukas, Charilaos"]
[Black "Smith, Harry"]
[Result "1-0"]
[WhiteElo "976"]
[BlackElo "644"]
[PlyCount "55"]
[EventDate "2015.03.14"]
[EventType "tourn (corr)"]
[EventRounds "6"]
[EventCountry "GER"]
[SourceTitle "Corr 2022"]
[Source "ChessBase"]
[SourceDate "2021.10.24"]
[SourceVersion "1"]
[SourceVersionDate "2021.10.24"]
[SourceQuality "1"]

1. e4 e6 2. Nf3 d5 3. exd5 Qxd5 4. Nc3 Qh5 5. Be2 Bc5 6. 0-0 Nf6 7. d4 Bd6 8. Ne5 Qg5 9. Bxg5 Bxe5 10. dxe5 Nfd7 11. Nb5 Na6 12. Bf4 0-0 13. c3 c6 14. Nd6 Nac5 15. b4 Na6 16. Bxa6 bxa6 17. Nxc8 Raxc8 18. Qxd7 a5 19. Qxa7 axb4 20. cxb4 Ra8 21. Qxa8 Rxa8 22. Rfc1 Ra6 23. a4 h6 24. b5 cxb5 25. axb5 Rb6 26. Rab1 Rb7 27. b6 g5 28. Bg3 1-0

[Event "OP-2015-0-03677"]
[Site "LSS email"]
[Date "2015.03.23"]
[Round "?"]
[White "Smith, Harry"]
[Black "Roukas, Charilaos"]
[Result "0-1"]
[WhiteElo "644"]
[BlackElo "976"]
[PlyCount "104"]
[EventDate "2015.03.16"]
[EventType "tourn (corr)"]
[EventRounds "4"]
[EventCountry "GER"]
[SourceTitle "Corr 2022"]
[Source "ChessBase"]
[SourceDate "2021.10.24"]
[SourceVersion "1"]
[SourceVersionDate "2021.10.24"]
[SourceQuality "1"]

1. e4 e5 2. Nf3 a6 3. d3 Nc6 4. g3 Nf6 5. Bg5 Be7 6. Bxf6 Bxf6 7. Bg2 0-0 8. 0-0 d5 9. exd5 Ne7 10. c4 e4 11. Nbd2 exf3 12. Bxf3 Bxb2 13. Rb1 Bd4 14. Nb3 Bc3 15. Qc2 Bf6 16. c5 Nxd5 17. d4 c6 18. a4 g6 19. Qd3 Nb4 20. Qd2 Nd5 21. a5 Rb8 22. Rfd1 Bf5 23. Rb2 Re8 24. Ra2 Nc7 25. Ra4 Nb5 26. Kg2 Nc3 27. Qxc3 Be4 28. Bxe4 Rxe4 29. Qb2 Qd5 30. Kg1 Rbe8 31. Qc2 Qf5 32. Rc4 Qf3 33. Rf1 Re2 34. Qd1 Bg5 35. Rc2 Rxc2 36. Qxc2 Re2 37. Qd1 Qe4 38. Qa1 Be3 39. Nc1 Bxc1 40. Qxc1 Qxd4 41. Kg2 Re5 42. Re1 Rxe1 43. Qxe1 Qxc5 44. Qe8+ Kg7 45. Qd7 Qd5+ 46. Qxd5 cxd5 47. Kf3 Kf6 48. Ke3 Ke5 49. Kd3 f5 50. f4+ Ke6 51. Kd4 Kd6 52. h4 h5 0-1

[Event "RN-2015-0-00923"]
[Site "LSS email"]
[Date "2015.02.06"]
[Round "?"]
[White "Malyszek, Tomasz"]
[Black "Roukas, Charilaos"]
[Result "1-0"]
[WhiteElo "1031"]
[BlackElo "1037"]
[PlyCount "29"]
[EventDate "2015.01.29"]
[EventType "tourn (corr)"]
[EventRounds "6"]
[EventCountry "GER"]
[SourceTitle "Corr 2022"]
[Source "ChessBase"]
[SourceDate "2021.10.24"]
[SourceVersion "1"]
[SourceVersionDate "2021.10.24"]
[SourceQuality "1"]

1. e4 e5 2. Nf3 Nc6 3. Bc4 Be7 4. d4 exd4 5. Nxd4 Nxd4 6. Qxd4 d6 7. Qxg7 Be6 8. Bxe6 fxe6 9. Qxh8 Kf7 10. Qxh7+ Kf8 11. Bh6+ Nxh6 12. Qxh6+ Kf7 13. Qh7+ Ke8 14. Qg8+ Kd7 15. Qxd8+ 1-0

[Event "RN-2015-0-00922"]
[Site "LSS email"]
[Date "2015.02.05"]
[Round "?"]
[White "Bortnicker, Justin"]
[Black "Roukas, Charilaos"]
[Result "1-0"]
[WhiteElo "870"]
[BlackElo "1037"]
[PlyCount "79"]
[EventDate "2015.01.28"]
[EventType "tourn (corr)"]
[EventRounds "6"]
[EventCountry "GER"]
[SourceTitle "Corr 2022"]
[Source "ChessBase"]
[SourceDate "2021.10.24"]
[SourceVersion "1"]
[SourceVersionDate "2021.10.24"]
[SourceQuality "1"]

1. e4 e5 2. Bc4 Nf6 3. d3 Be7 4. Nf3 d6 5. 0-0 0-0 6. h3 a6 7. a3 Nc6 8. c3 Be6 9. Bb3 Bxb3 10. Qxb3 Na5 11. Qd1 c5 12. Bd2 b5 13. b4 cxb4 14. axb4 Nc6 15. Be3 d5 16. exd5 Nxd5 17. Re1 Bf6 18. Ra3 a5 19. bxa5 b4 20. cxb4 Nxe3 21. Rxe3 Nxb4 22. Nxe5 Qc7 23. Nc4 Bd4 24. Re4 Qc5 25. Re2 Rfe8 26. Rxe8+ Rxe8 27. Qd2 Na6 28. Nc3 Rb8 29. Ne4 Qc7 30. Qd1 f6 31. Rb3 Ra8 32. Qg4 Re8 33. Kf1 g6 34. Ned6 Re6 35. Qxd4 Qe7 36. Rb1 Kg7 37. Ne4 Nb4 38. Ncd6 Nc2 39. Qc5 f5 40. Rb7 1-0

[Event "RN-2015-0-00922"]
[Site "LSS email"]
[Date "2015.02.05"]
[Round "?"]
[White "Roukas, Charilaos"]
[Black "De Gouveia, Pedro"]
[Result "0-1"]
[WhiteElo "1037"]
[BlackElo "800"]
[PlyCount "100"]
[EventDate "2015.01.28"]
[EventType "tourn (corr)"]
[EventRounds "6"]
[EventCountry "GER"]
[SourceTitle "Corr 2022"]
[Source "ChessBase"]
[SourceDate "2021.10.24"]
[SourceVersion "1"]
[SourceVersionDate "2021.10.24"]
[SourceQuality "1"]

1. e4 d5 2. exd5 Qxd5 3. Nf3 Nf6 4. Nc3 Qd8 5. Be2 e6 6. d4 Be7 7. 0-0 0-0 8. h3 b6 9. Ne5 Bb7 10. Bf3 Bxf3 11. Qxf3 c6 12. Ne2 Nd5 13. c3 f6 14. Nd3 b5 15. Qg4 Qd7 16. Ndf4 f5 17. Qf3 a5 18. Nxd5 cxd5 19. a3 Nc6 20. Qe3 b4 21. axb4 axb4 22. Bd2 b3 23. Nf4 Rxa1 24. Rxa1 Bg5 25. Qxe6+ Qxe6 26. Nxe6 Bxd2 27. Nxf8 Kxf8 28. g3 Bg5 29. Ra6 Ne7 30. Rb6 f4 31. h4 Bf6 32. Rxb3 Kf7 33. Rb6 fxg3 34. fxg3 Nf5 35. Kf2 h5 36. Kf3 g6 37. Rb7+ Ke6 38. Rb6+ Kf7 39. b4 Be7 40. Rb5 Ke6 41. Rb6+ Bd6 42. b5 Kd7 43. Ra6 Bxg3 44. Rxg6 Nxh4+ 45. Kxg3 Nxg6 46. Kf3 Kc7 47. Ke3 h4 48. Kf3 Kb6 49. Kg4 Kxb5 50. Kh3 Kc4 0-1

[Event "RN-2015-0-00922"]
[Site "LSS email"]
[Date "2015.02.05"]
[Round "?"]
[White "Roukas, Charilaos"]
[Black "Lenz, Juergen"]
[Result "1-0"]
[WhiteElo "1037"]
[BlackElo "1137"]
[PlyCount "95"]
[EventDate "2015.01.28"]
[EventType "tourn (corr)"]
[EventRounds "6"]
[EventCountry "GER"]
[SourceTitle "Corr 2022"]
[Source "ChessBase"]
[SourceDate "2021.10.24"]
[SourceVersion "1"]
[SourceVersionDate "2021.10.24"]
[SourceQuality "1"]

1. e4 Nf6 2. Nc3 d5 3. exd5 Nxd5 4. Nxd5 Qxd5 5. Nf3 Bg4 6. Be2 c5 7. 0-0 Nc6 8. d3 e6 9. h3 Bh5 10. b3 Be7 11. Bb2 0-0 12. Nd2 Bxe2 13. Qxe2 Nd4 14. Qd1 Bf6 15. c3 Nc6 16. Ne4 Be7 17. c4 Qd7 18. Qg4 f6 19. Qe2 e5 20. Rad1 Nd4 21. Bxd4 cxd4 22. f4 Rae8 23. f5 b5 24. Qh5 bxc4 25. bxc4 Bb4 26. Rb1 Rb8 27. g4 Qf7 28. Qh4 h6 29. Kg2 Be7 30. Qf2 Qe8 31. Qc2 Qc6 32. Rxb8 Rxb8 33. Rb1 Rb6 34. Rb3 g6 35. fxg6 h5 36. gxh5 f5 37. Rxb6 axb6 38. Qf2 Qe6 39. Ng3 f4 40. Ne4 Qf5 41. Qf3 Kg7 42. Qg4 Qf8 43. Kf3 Kh6 44. h4 Qe8 45. Ng5 Qa4 46. Nf7+ Kg7 47. h6+ Kf8 48. Qc8+ 1-0

[Event "RN-2014-0-00885"]
[Site "LSS email"]
[Date "2014.12.02"]
[Round "?"]
[White "Bester, Kazimierz"]
[Black "Roukas, Charilaos"]
[Result "0-1"]
[WhiteElo "665"]
[BlackElo "840"]
[PlyCount "98"]
[EventDate "2014.11.26"]
[EventType "tourn (corr)"]
[EventRounds "6"]
[EventCountry "GER"]
[SourceTitle "Corr 2015"]
[Source "ChessBase"]
[SourceDate "2015.07.17"]
[SourceVersion "1"]
[SourceVersionDate "2015.07.17"]
[SourceQuality "1"]

1. d4 g6 2. Nf3 Nf6 3. Nbd2 Bg7 4. e3 d5 5. Be2 0-0 6. 0-0 a6 7. c3 Re8 8. Ne5 Nbd7 9. f4 c5 10. Qe1 c4 11. Rf3 Nb6 12. h3 Nbd7 13. Qh4 b5 14. Rg3 Nf8 15. Ng4 h5 16. Nxf6+ Bxf6 17. Rg5 Bxg5 18. fxg5 e5 19. dxe5 Rxe5 20. Nf3 Re4 21. Qf2 Bb7 22. h4 Ne6 23. g3 Qd6 24. Bd2 Rf8 25. Bf1 Nc5 26. Nd4 f6 27. gxf6 Rxf6 28. Qg2 Rg4 29. Kh2 Ne4 30. Be1 Rxh4+ 31. Kg1 Rg4 32. Ne2 h4 33. Nf4 g5 34. Kh2 hxg3+ 35. Kg1 gxf4 36. Qh3 Rgg6 37. Bg2 f3 38. Bxf3 Rxf3 39. Qh5 Qf6 40. Rd1 Rf1+ 41. Kg2 Rf5 42. Qh3 Nf2 43. Bxf2 gxf2+ 44. Kf1 d4 45. cxd4 Bg2+ 46. Qxg2 Rxg2 47. e4 Rfg5 48. e5 Qf3 49. e6 Rg1# 0-1

[Event "RN-2014-0-00885"]
[Site "LSS email"]
[Date "2014.12.02"]
[Round "?"]
[White "Miskovic, Simon"]
[Black "Roukas, Charilaos"]
[Result "0-1"]
[WhiteElo "800"]
[BlackElo "840"]
[PlyCount "23"]
[EventDate "2014.11.26"]
[EventType "tourn (corr)"]
[EventRounds "6"]
[EventCountry "GER"]
[SourceTitle "Corr 2015"]
[Source "ChessBase"]
[SourceDate "2015.07.17"]
[SourceVersion "1"]
[SourceVersionDate "2015.07.17"]
[SourceQuality "1"]

1. e4 c6 2. d4 d5 3. Nc3 dxe4 4. Nxe4 Nf6 5. Nxf6+ exf6 6. Nf3 g6 7. Be2 Bg7 8. 0-0 0-0 9. c3 Be6 10. Bf4 Nd7 11. Qc2 Nb6 12. Rad1 0-1

[Event "OP-2014-0-03572"]
[Site "LSS email"]
[Date "2014.12.01"]
[Round "?"]
[White "Roukas, Charilaos"]
[Black "Ederer, Karel"]
[Result "0-1"]
[WhiteElo "840"]
[BlackElo "1861"]
[PlyCount "56"]
[EventDate "2014.11.26"]
[EventType "tourn (corr)"]
[EventRounds "4"]
[EventCountry "GER"]
[SourceTitle "Corr 2015"]
[Source "ChessBase"]
[SourceDate "2015.07.17"]
[SourceVersion "1"]
[SourceVersionDate "2015.07.17"]
[SourceQuality "1"]

1. e4 c5 2. Nf3 Nc6 3. Nc3 g6 4. d4 cxd4 5. Nb5 e5 6. a4 a6 7. Na3 f5 8. exf5 d5 9. fxg6 hxg6 10. Be2 Qa5+ 11. Bd2 Qc7 12. b3 e4 13. Ng5 Nf6 14. g3 e3 15. fxe3 Rxh2 16. Rxh2 Qxg3+ 17. Rf2 dxe3 18. Bxe3 Qxe3 19. Rxf6 Qg3+ 20. Rf2 Bc5 21. Qxd5 Qxf2+ 22. Kd1 Qg1+ 23. Kd2 Be3+ 24. Kd3 Bf5+ 25. Kc4 Qxa1 26. Qf7+ Kd8 27. Qf8+ Kc7 28. Qxa8 Qd4# 0-1